[Event "World Rapid 2019"]
[Site "Moscow RUS"]
[Date "2019.12.26"]
[Round "4.93"]
[White "Guimaraes, Diogo Duarte"]
[Black "Tran, Tuan Minh"]
[Result "1/2-1/2"]
[WhiteTitle "FM"]
[BlackTitle "GM"]
[WhiteElo "2322"]
[BlackElo "2529"]
[WhiteFideId "2112450"]
[BlackFideId "12401820"]
[EventDate "2019.12.26"]
[EventType "rapid"]

1. e4 c5 2. Nf3 d6 3. d4 cxd4 4. Nxd4 Nf6 5. Nc3 a6 6. g3 e5 7. Nde2 Be7 8. Bg2
O-O 9. O-O b6 10. Nd5 Bb7 11. Nec3 Nbd7 12. a4 Re8 13. Be3 Rc8 14. Rc1 Bc6 15.
Nb4 Bb7 16. Nbd5 Bc6 17. Nb4 Bb7 18. Nbd5 h6 19. h3 Nxd5 20. Nxd5 Bg5 21. f4
exf4 22. gxf4 Be7 23. Qd4 Bf6 24. Nxf6+ Nxf6 25. Qxb6 Qxb6 26. Bxb6 Bxe4 27. c4
Bxg2 28. Kxg2 Re4 29. b3 Rb8 30. a5 Nd7 31. Bc7 Rxb3 32. Bxd6 Ree3 33. c5 Rg3+
34. Kf2 Nf6 35. Rfe1 Rxh3 36. f5 Rhf3+ 37. Kg2 Rxf5 38. c6 Rg5+ 39. Kf2 Ng4+ 40.
Ke2 Re3+ 41. Kf1 Rf3+ 42. Ke2 Re3+ 43. Kf1 Rf3+ 44. Ke2 Rf2+ 45. Kd3 Rd5+ 46.
Kc4 Rxd6 47. c7 Rc6+ 48. Kb3 Rf3+ 49. Kb4 Rf4+ 50. Kb3 Rf3+ 51. Kb4 Rf4+ 52. Kb3
Rxc7 53. Rxc7 Rf5 54. Re8+ Kh7 55. Ka4 Rf4+ 56. Kb3 Rf5 57. Ka4 Rf4+ 58. Kb3 Rf5
59. Ka4 h5 60. Rc6 h4 61. Re4 Rg5 62. Rxa6 h3 63. Rb6 h2 64. Rb1 Rh5 65. Ree1
Rh6 66. Kb5 Nf2 67. a6 Rh5+ 68. Kb6 Rh6+ 69. Kb7 Rxa6 70. Kxa6 g5 71. Rb2 h1=Q
72. Rxh1+ Nxh1 73. Rh2+ Kg6 74. Rxh1 g4 75. Kb5 Kg5 76. Kc4 g3 77. Kd3 Kg4 78.
Ke3 g2 79. Rg1 Kg3 80. Rxg2+ Kxg2 81. Kf4 f5 82. Kxf5 1/2-1/2

[Event "World Rapid 2019"]
[Site "Moscow RUS"]
[Date "2019.12.26"]
[Round "4.94"]
[White "Huzman, Alexander"]
[Black "Mamatov, Melis"]
[Result "1-0"]
[WhiteTitle "GM"]
[WhiteElo "2567"]
[BlackElo "2292"]
[WhiteFideId "2803828"]
[BlackFideId "13800027"]
[EventDate "2019.12.26"]
[EventType "rapid"]

1. Nf3 Nf6 2. c4 c6 3. d4 d5 4. e3 e6 5. b3 Bd6 6. Nbd2 Nbd7 7. Bb2 Qe7 8. Ne5
Ba3 9. Bxa3 Qxa3 10. Nxd7 Bxd7 11. Bd3 c5 12. cxd5 Nxd5 13. dxc5 Qxc5 14. Rc1
Qe7 15. Be4 Bc6 16. Qc2 h6 17. O-O O-O 18. Qb2 Rfd8 19. a3 Bb5 20. Rfd1 Nf6 21.
Bf3 Rac8 22. h3 Qe8 23. Rxc8 Rxc8 24. Bxb7 Rd8 25. Bf3 Bc6 26. Bxc6 Qxc6 27. Rc1
Qb7 28. Nf3 Rb8 29. b4 Nd5 30. Nd4 Rc8 31. Rxc8+ Qxc8 32. Qc2 Qa6 33. Qc6 Qxa3
34. Qe8+ Kh7 35. Qxf7 Nxe3 36. fxe3 Qxe3+ 37. Qf2 Qe5 38. Nf3 Qd6 39. Qc5 Qd1+
40. Kh2 a6 41. Qe5 Qd7 42. Nd4 Qb7 43. Nxe6 Kg8 44. Qxg7+ Qxg7 45. Nxg7 Kxg7 46.
Kg3 h5 47. Kf4 Kf6 48. h4 1-0

[Event "World Rapid 2019"]
[Site "Moscow RUS"]
[Date "2019.12.26"]
[Round "4.95"]
[White "Zarubitski, Viachaslau"]
[Black "Afanasiev, Nikita"]
[Result "1-0"]
[WhiteTitle "IM"]
[BlackTitle "IM"]
[WhiteElo "2451"]
[BlackElo "2517"]
[WhiteFideId "13509373"]
[BlackFideId "24183555"]
[EventDate "2019.12.26"]
[EventType "rapid"]

1. e4 g6 2. d4 Bg7 3. Nc3 d6 4. Nf3 a6 5. Be2 Nd7 6. O-O e6 7. a4 b6 8. Bf4 h6
9. h4 Bb7 10. Re1 Ne7 11. Qd2 Nc6 12. d5 Ne7 13. dxe6 fxe6 14. Bc4 e5 15. Bh2
Nf6 16. Rad1 Ng4 17. Bg3 Qd7 18. Qd3 Rf8 19. Rd2 Nc6 20. Nd5 Nd4 21. Nxd4 exd4
22. e5 Bxe5 23. Qxg6+ Kd8 24. f4 Bf6 25. Nxf6 Nxf6 26. h5 Qg4 27. Qxg4 Nxg4 28.
Bh4+ Kc8 29. Rxd4 Nf6 30. g4 d5 31. Be2 c5 32. Rd3 Ne4 33. f5 Kc7 34. Bf3 Rae8
35. Rde3 Rg8 36. Kh2 Kd7 37. Kh3 Re5 38. c4 Rge8 39. cxd5 Bxd5 40. Rd3 Kc6 41.
Rxd5 Kxd5 42. Bf6 Kc4 43. Bxe5 Nf2+ 44. Kg3 Nd3 45. Be2 Kd5 1-0

[Event "World Rapid 2019"]
[Site "Moscow RUS"]
[Date "2019.12.26"]
[Round "4.96"]
[White "Kim, Alexey"]
[Black "Miranda Neto, Jayme Amorim"]
[Result "1-0"]
[WhiteTitle "GM"]
[BlackTitle "CM"]
[WhiteElo "2464"]
[BlackElo "2102"]
[WhiteFideId "4129776"]
[BlackFideId "2115964"]
[EventDate "2019.12.26"]
[EventType "rapid"]

1. e4 c6 2. d4 d5 3. Nd2 dxe4 4. Nxe4 Bf5 5. Ng3 Bg6 6. h4 h6 7. Nh3 Nf6 8. Nf4
Bh7 9. Bc4 e6 10. O-O Bd6 11. Re1 O-O 12. Ngh5 Nxh5 13. Nxh5 Qxh4 14. g3 Qh3 15.
Bf1 Qf5 16. Bd3 Qh3 17. Bf4 Bb4 18. Bxh7+ Kxh7 19. c3 Be7 20. Bxb8 Raxb8 21. Re5
Bg5 22. Nf4 Bxf4 23. Rh5 Qxh5 24. Qxh5 Bg5 25. Kg2 g6 26. Qe2 Bf6 27. b4 Rfd8
28. a4 Rd5 29. Re1 a5 30. Rb1 axb4 31. Rxb4 c5 32. dxc5 Rxc5 33. Rf4 Kg7 34. Rc4
Rbc8 35. Rxc5 Rxc5 36. c4 Bd4 37. Qd3 e5 38. f4 Ra5 39. fxe5 Bxe5 40. Qb3 Bd4
41. Qd3 Bf6 42. Qb3 Bd4 43. Qxb7 Rxa4 44. Qd5 Ba7 45. c5 Bxc5 46. Qxc5 Ra6 47.
Qe5+ Kg8 48. Qb8+ Kg7 49. Qb2+ Kg8 50. Qc1 Kg7 51. Qc3+ Kg8 52. Qc8+ 1-0

[Event "World Rapid 2019"]
[Site "Moscow RUS"]
[Date "2019.12.26"]
[Round "4.97"]
[White "Iljiushenok, Ilia"]
[Black "Thing, Bibek"]
[Result "1-0"]
[WhiteTitle "GM"]
[BlackTitle "CM"]
[WhiteElo "2521"]
[BlackElo "2222"]
[WhiteFideId "24105074"]
[BlackFideId "12303135"]
[EventDate "2019.12.26"]
[EventType "rapid"]

1. e4 c5 2. Nf3 d6 3. Bb5+ Bd7 4. c4 Nf6 5. Nc3 g6 6. O-O Bg7 7. d4 cxd4 8. Nxd4
O-O 9. Bxd7 Qxd7 10. b3 Nc6 11. Bb2 Rac8 12. Re1 Rfd8 13. Qd2 a6 14. Na4 Qc7 15.
Rac1 Nd7 16. Nxc6 Qxc6 17. Bxg7 Kxg7 18. Nc3 Nf6 19. Nd5 Nxd5 20. exd5 Qd7 21.
Rc3 b5 22. Rh3 h5 23. Qg5 f6 24. Qf4 bxc4 25. bxc4 Rc7 26. Rhe3 Re8 27. Re4 Qf5
28. Qe3 Qd7 29. h3 1-0

[Event "World Rapid 2019"]
[Site "Moscow RUS"]
[Date "2019.12.26"]
[Round "4.98"]
[White "Wojtaszek, Radoslaw"]
[Black "Al Ghamdi, Ahmed M"]
[Result "1-0"]
[WhiteTitle "GM"]
[BlackTitle "CM"]
[WhiteElo "2725"]
[BlackElo "2107"]
[WhiteFideId "1118358"]
[BlackFideId "21500150"]
[EventDate "2019.12.26"]
[EventType "rapid"]

1. c4 Nf6 2. Nc3 d6 3. d4 g6 4. g3 Bg7 5. Bg2 O-O 6. Nf3 Nbd7 7. O-O e5 8. e4
exd4 9. Nxd4 Re8 10. Be3 Nb6 11. b3 Ng4 12. Bf4 Ne5 13. Qd2 Bg4 14. f3 Bd7 15.
Rad1 Qc8 16. Bh6 Bh3 17. Bxg7 Kxg7 18. f4 Bxg2 19. Kxg2 Ng4 20. f5 Qd8 21. Rf4
Nf6 22. Rh4 h5 23. Rf1 Nbd7 24. fxg6 fxg6 25. Rhf4 Qe7 26. Nd5 Nxd5 27. exd5 Ne5
28. Ne6+ Kg8 29. Rf6 Kh7 30. Qg5 Qd7 31. Rxg6 1-0

[Event "World Rapid 2019"]
[Site "Moscow RUS"]
[Date "2019.12.26"]
[Round "4.99"]
[White "Gutenev, Alexander"]
[Black "Al Mutairi, Hassan S"]
[Result "1-0"]
[WhiteTitle "IM"]
[BlackTitle "CM"]
[WhiteElo "2469"]
[BlackElo "1883"]
[WhiteFideId "4195540"]
[BlackFideId "21500193"]
[EventDate "2019.12.26"]
[EventType "rapid"]

1. e4 e5 2. Nf3 Nc6 3. Bb5 f5 4. Nc3 fxe4 5. Nxe4 d5 6. Nxe5 dxe4 7. Nxc6 Qg5 8.
Qe2 Nf6 9. f4 Qxf4 10. d4 Qd6 11. Nxa7+ c6 12. Nxc8 Rxc8 13. Bc4 Qxd4 14. c3 Qb6
15. Bg5 Be7 16. O-O-O Nd5 17. Bxe7 Qe3+ 18. Qxe3 Nxe3 19. Rde1 Nxc4 20. Rxe4 b5
21. b3 1-0

[Event "World Rapid 2019"]
[Site "Moscow RUS"]
[Date "2019.12.26"]
[Round "4.100"]
[White "Al Nhier, Hamoud"]
[Black "Makoveev, Ilya"]
[Result "1/2-1/2"]
[WhiteTitle "FM"]
[BlackTitle "FM"]
[WhiteElo "1934"]
[BlackElo "2277"]
[WhiteFideId "21500045"]
[BlackFideId "34155748"]
[EventDate "2019.12.26"]
[EventType "rapid"]

1. c4 Nf6 2. g3 e5 3. Bg2 d5 4. cxd5 Nxd5 5. Nc3 Nb6 6. Nf3 Nc6 7. b3 Be7 8. Bb2
O-O 9. O-O Be6 10. d4 exd4 11. Nb5 Bf6 12. Nbxd4 Nxd4 13. Bxd4 Bd5 14. Bxf6 Qxf6
15. Qd4 Qxd4 16. Nxd4 Rad8 17. e3 1/2-1/2

[Event "World Rapid 2019"]
[Site "Moscow RUS"]
[Date "2019.12.26"]
[Round "4.101"]
[White "Masrahi, Abdulrahman A"]
[Black "Luukkonen, Tommi"]
[Result "0-1"]
[WhiteTitle "CM"]
[BlackTitle "FM"]
[WhiteElo "1956"]
[BlackElo "2290"]
[WhiteFideId "21501564"]
[BlackFideId "501808"]
[EventDate "2019.12.26"]
[EventType "rapid"]

1. d4 Nf6 2. Nf3 c5 3. g3 cxd4 4. Bg2 d5 5. O-O h6 6. Bf4 g5 7. Bxb8 Rxb8 8.
Qxd4 Qa5 9. Nc3 Bg7 10. Qe5 Ra8 11. Rad1 O-O 12. Qxe7 Re8 13. Qd6 Be6 14. a4
Rad8 15. Qa3 Bf8 16. Qb3 d4 17. Qb5 Qc7 18. Nxd4 Bc8 19. e4 a6 20. Qb3 Bc5 21.
Nd5 Nxd5 22. exd5 Bg4 23. Rd2 h5 24. h3 Bc8 25. c4 h4 26. Qc3 Qe5 27. b4 Ba7 28.
c5 g4 29. Re2 Qg7 30. Rfe1 Rxe2 31. Nxe2 gxh3 32. Qxg7+ Kxg7 33. Bf3 a5 34. Rb1
hxg3 35. Nxg3 axb4 36. c6 bxc6 37. dxc6 Rd3 38. Nh5+ Kh6 39. Be2 Rd2 40. Ng3 f5
41. Rxb4 Kg5 42. Bf1 Bxf2+ 43. Kh1 Bxg3 0-1

[Event "World Rapid 2019"]
[Site "Moscow RUS"]
[Date "2019.12.26"]
[Round "5.10"]
[White "Fedoseev, Vladimir3"]
[Black "Vallejo Pons, Francisco"]
[Result "1/2-1/2"]
[WhiteTitle "GM"]
[BlackTitle "GM"]
[WhiteElo "2677"]
[BlackElo "2704"]
[WhiteFideId "24130737"]
[BlackFideId "2205530"]
[EventDate "2019.12.26"]
[EventType "rapid"]

1. d4 d5 2. c4 e6 3. Nf3 a6 4. cxd5 exd5 5. Nc3 c6 6. Qc2 Bd6 7. Bg5 Ne7 8. e3
h6 9. Bh4 Bf5 10. Qb3 Ra7 11. Be2 Nd7 12. O-O Qb6 13. Rfc1 Qxb3 14. axb3 O-O 15.
Ne1 Re8 16. g4 Bh7 17. Bg3 Nc8 18. Nd3 Ra8 19. Re1 Bxg3 20. hxg3 Nd6 21. Rad1
Re7 22. Kg2 Rae8 23. Rh1 Ne4 24. Rh2 Ndf6 25. b4 Nxc3 26. bxc3 Be4+ 27. Kf1 Bxd3
28. Rxd3 b5 29. Rd1 a5 30. bxa5 Ra8 31. Ra1 Rea7 32. f3 Rxa5 33. Rxa5 Rxa5 34.
Bd1 Nd7 35. Bb3 Ra1+ 36. Ke2 Ra3 37. Bc2 Rxc3 38. Bd3 Ra3 39. Rh5 Ra2+ 40. Ke1
b4 41. e4 Nf6 42. Re5 Kf8 43. exd5 Nxd5 44. Bc4 Rg2 45. g5 h5 46. g6 Rxg3 47.
gxf7 Rxf3 48. Rxh5 b3 49. Rh8+ Kxf7 50. Rb8 Rf4 51. Bxb3 Rxd4 52. Rb6 Rd3 53.
Bc4 Re3+ 54. Kf2 Re6 55. Rxc6 Rxc6 56. Bxd5+ Re6 57. Kf3 Kf6 58. Bxe6 Kxe6 59.
Kg4 Kf6 60. Kf4 g5+ 61. Kg4 Kg6 62. Kg3 Kf5 63. Kf3 g4+ 64. Kg3 Kg5 65. Kg2 Kf4
66. Kf2 g3+ 67. Kg2 Kg4 68. Kg1 Kf3 69. Kf1 g2+ 70. Kg1 Kg3 1/2-1/2

[Event "World Rapid 2019"]
[Site "Moscow RUS"]
[Date "2019.12.26"]
[Round "5.11"]
[White "Amin, Bassem"]
[Black "Nepomniachtchi, Ian"]
[Result "1/2-1/2"]
[WhiteTitle "GM"]
[BlackTitle "GM"]
[WhiteElo "2683"]
[BlackElo "2767"]
[WhiteFideId "10601457"]
[BlackFideId "4168119"]
[EventDate "2019.12.26"]
[EventType "rapid"]

1. e4 c5 2. Nf3 d6 3. Bb5+ Nd7 4. O-O a6 5. Bd3 Ngf6 6. Re1 e6 7. c3 b5 8. Bc2
c4 9. a4 Bb7 10. d4 cxd3 11. Qxd3 Nc5 12. Qe2 bxa4 13. Be3 Nfd7 14. Bxc5 Nxc5
15. Rxa4 g6 16. Rd4 Qc7 17. e5 dxe5 18. Nxe5 Bg7 19. Nd2 Bxe5 20. Qxe5 Qxe5 21.
Rxe5 Nd7 22. Ra5 Ke7 23. Nc4 Rhb8 24. Ba4 Bd5 1/2-1/2

[Event "World Rapid 2019"]
[Site "Moscow RUS"]
[Date "2019.12.26"]
[Round "5.12"]
[White "Le, Quang Liem"]
[Black "Adhiban, Baskaran"]
[Result "1-0"]
[WhiteTitle "GM"]
[BlackTitle "GM"]
[WhiteElo "2713"]
[BlackElo "2654"]
[WhiteFideId "12401137"]
[BlackFideId "5018471"]
[EventDate "2019.12.26"]
[EventType "rapid"]

1. e4 c5 2. Nf3 Nc6 3. Bb5 g6 4. Bxc6 bxc6 5. O-O Bg7 6. Re1 Qc7 7. h3 d6 8. c3
Nf6 9. d4 cxd4 10. cxd4 O-O 11. Nc3 c5 12. Be3 cxd4 13. Bxd4 Bb7 14. Rc1 Qb8 15.
Qd3 e5 16. Be3 Nxe4 17. Nxe4 d5 18. Nc5 Bc6 19. Qa3 Re8 20. Na6 Qb7 21. Rxc6
Qxc6 22. Rc1 Qd7 23. Nc7 d4 24. Nxe8 Rxe8 25. Bd2 e4 26. Ne1 e3 27. fxe3 dxe3
28. Bc3 Qd2 29. Qa4 Qf2+ 30. Kh2 Be5+ 31. Bxe5 Rxe5 32. Nd3 Qf5 33. Nxe5 Qxe5+
34. Kh1 e2 35. Qb4 1-0

[Event "World Rapid 2019"]
[Site "Moscow RUS"]
[Date "2019.12.26"]
[Round "5.13"]
[White "Riazantsev, Alexander"]
[Black "Svidler, Peter"]
[Result "1/2-1/2"]
[WhiteTitle "GM"]
[BlackTitle "GM"]
[WhiteElo "2639"]
[BlackElo "2723"]
[WhiteFideId "4125029"]
[BlackFideId "4102142"]
[EventDate "2019.12.26"]
[EventType "rapid"]

1. d4 d5 2. c4 c6 3. Nc3 dxc4 4. e3 Be6 5. Nge2 Nf6 6. Nf4 Bg4 7. f3 Bc8 8. Bxc4
e6 9. O-O a6 10. a4 a5 11. e4 Na6 12. Be3 Nb4 13. Qe2 Be7 14. Rad1 O-O 15. Nd3
Re8 16. Ne5 Qc7 17. f4 Rf8 18. g4 Nd7 19. Nf3 b5 20. axb5 Nb6 21. Ne5 Bd6 22.
Rf2 Rb8 23. Nxc6 Nxc6 24. bxc6 Nxc4 25. Qxc4 Rb4 26. Qa2 Qxc6 27. Qxa5 Bb7 28.
d5 exd5 29. Qxd5 Qxd5 30. exd5 Re8 31. Bd4 f6 32. Kg2 Kf7 33. Kf3 Rb3 34. Be3
Rc8 35. Rfd2 1/2-1/2

[Event "World Rapid 2019"]
[Site "Moscow RUS"]
[Date "2019.12.26"]
[Round "5.14"]
[White "Sargissian, Gabriel"]
[Black "Fridman, Daniel"]
[Result "1/2-1/2"]
[WhiteTitle "GM"]
[BlackTitle "GM"]
[WhiteElo "2689"]
[BlackElo "2616"]
[WhiteFideId "13300881"]
[BlackFideId "11600454"]
[EventDate "2019.12.26"]
[EventType "rapid"]

1. d4 d5 2. c4 e6 3. Nf3 Nf6 4. g3 dxc4 5. Bg2 c5 6. O-O Nc6 7. Qa4 Bd7 8. dxc5
Na5 9. Qc2 Bxc5 10. Ne5 O-O 11. Rd1 Qe7 12. Nxc4 Rac8 13. b3 b5 14. Qd2 Bb4 15.
Ba3 Bxa3 16. Ncxa3 b4 17. Nc2 Rb8 18. Ne3 Rfd8 19. Qb2 Bb5 20. Rxd8+ Rxd8 21. a3
Bc6 22. axb4 Qxb4 23. Qc3 Qxc3 1/2-1/2

[Event "World Rapid 2019"]
[Site "Moscow RUS"]
[Date "2019.12.26"]
[Round "5.15"]
[White "Meier, Georg"]
[Black "Grachev, Boris"]
[Result "1/2-1/2"]
[WhiteTitle "GM"]
[BlackTitle "GM"]
[WhiteElo "2626"]
[BlackElo "2614"]
[WhiteFideId "4675789"]
[BlackFideId "4129199"]
[EventDate "2019.12.26"]
[EventType "rapid"]

1. Nf3 d5 2. g3 Nf6 3. Bg2 e6 4. c4 Be7 5. d4 O-O 6. Nc3 Nbd7 7. Qd3 a6 8. Bf4
c5 9. cxd5 Nxd5 10. O-O Nxf4 11. gxf4 cxd4 12. Nxd4 Qb6 13. Nb3 Nf6 14. Rfd1 Bd7
15. Qd4 Qxd4 16. Rxd4 1/2-1/2

[Event "World Rapid 2019"]
[Site "Moscow RUS"]
[Date "2019.12.26"]
[Round "5.16"]
[White "Safarli, Eltaj"]
[Black "Postny, Evgeny"]
[Result "1/2-1/2"]
[WhiteTitle "GM"]
[BlackTitle "GM"]
[WhiteElo "2601"]
[BlackElo "2605"]
[WhiteFideId "13402129"]
[BlackFideId "2804344"]
[EventDate "2019.12.26"]
[EventType "rapid"]

1. e4 c6 2. d4 d5 3. exd5 cxd5 4. Bd3 Nf6 5. c3 Bg4 6. Qb3 Qc7 7. h3 Bh5 8. g4
Bg6 9. Bxg6 hxg6 10. g5 Nfd7 11. Qxd5 Nc6 12. Nf3 e5 13. dxe5 Ndxe5 14. Bf4 Bd6
15. Bxe5 Nxe5 16. Nxe5 Bxe5 17. Qb5+ Kf8 18. Nd2 a6 19. Qc4 Qxc4 20. Nxc4 Bf4
21. Rd1 Bxg5 22. Rd7 Re8+ 23. Kf1 Re7 24. Rd8+ Re8 25. Rd7 Re7 26. Rd8+ Re8 1/2-1/2

[Event "World Rapid 2019"]
[Site "Moscow RUS"]
[Date "2019.12.26"]
[Round "5.17"]
[White "Motylev, Alexander"]
[Black "Yuffa, Daniil"]
[Result "1-0"]
[WhiteTitle "GM"]
[BlackTitle "GM"]
[WhiteElo "2640"]
[BlackElo "2566"]
[WhiteFideId "4121830"]
[BlackFideId "24131423"]
[EventDate "2019.12.26"]
[EventType "rapid"]

1. e4 c6 2. Nf3 d5 3. d3 Bg4 4. h3 Bh5 5. Nbd2 e6 6. g4 Bg6 7. h4 h6 8. Bg2 Nd7
9. Qe2 Bd6 10. b3 Qf6 11. Rb1 Bb4 12. Bb2 Qf4 13. a3 Bxd2+ 14. Nxd2 Ngf6 15. h5
Bh7 16. e5 Nxg4 17. Rh4 Ne3 18. Rxf4 Nxg2+ 19. Kd1 Nxf4 20. Qg4 g5 21. hxg6 Nxg6
22. Nf3 O-O-O 23. Kd2 Ne7 24. Rh1 Bg6 25. Nh4 Kb8 26. Qf4 Bf5 27. a4 c5 28. Rg1
Ng6 29. Qh2 Nxh4 30. Qxh4 h5 31. b4 c4 32. Bd4 Rde8 33. a5 Bg6 34. f3 Ka8 35.
Rh1 Bf5 36. Qf2 a6 37. Qh4 Nb8 38. b5 Rhg8 39. bxa6 Nxa6 40. Rg1 cxd3 41. cxd3
Nb4 42. a6 Nxa6 43. Rxg8 Rxg8 44. Qxh5 Bg6 45. Qh1 Rc8 46. Qb1 Rc6 47. Qb3 Nb8
48. Bb6 Na6 49. Qb5 Kb8 50. Bd4 Ka8 51. Qa5 Rc7 52. Qb6 Kb8 53. Qd6 Kc8 54. Bb6
Bh5 55. Ke3 Bg6 56. Kd4 Bh5 57. Bxc7 Nxc7 58. Kc5 Bg6 59. Kb6 Na8+ 60. Ka7 Nc7
61. Qf8+ Kd7 62. Kxb7 Ne8 63. Qa3 f6 64. f4 fxe5 65. fxe5 Bf5 66. Kb6 Bh3 67.
Qa7+ Kd8 68. Kc6 1-0

[Event "World Rapid 2019"]
[Site "Moscow RUS"]
[Date "2019.12.26"]
[Round "5.18"]
[White "Guseinov, Gadir"]
[Black "Dreev, Aleksey"]
[Result "1-0"]
[WhiteTitle "GM"]
[BlackTitle "GM"]
[WhiteElo "2666"]
[BlackElo "2677"]
[WhiteFideId "13401378"]
[BlackFideId "4100107"]
[EventDate "2019.12.26"]
[EventType "rapid"]

1. e4 c5 2. Nc3 Nc6 3. Bb5 Nd4 4. Nf3 a6 5. Bd3 Nc6 6. O-O d6 7. Re1 Nf6 8. Nd5
e5 9. Bc4 Be6 10. c3 Rc8 11. a4 Be7 12. d3 O-O 13. h3 Re8 14. Ng5 Bxd5 15. exd5
Nb8 16. a5 Nbd7 17. Be3 h6 18. Ne4 Nxe4 19. dxe4 Bg5 20. Bxg5 Qxg5 21. Re3 Nf6
22. Be2 h5 23. Qb3 Re7 24. Qb6 Rd7 25. Bd1 h4 26. Ba4 Rdd8 27. Qxb7 Nh5 28. Qxa6
Ra8 29. Qf1 Rxa5 30. b4 Ra7 31. Bc6 Rxa1 32. Qxa1 Nf4 33. Qf1 cxb4 34. cxb4 Rb8
35. b5 Qg6 36. Kh2 Kh7 37. g3 Nh5 38. Qe2 Nf6 39. Qf3 Kg8 40. Re2 Qg5 41. Qe3
Qxe3 42. Rxe3 hxg3+ 43. fxg3 Kf8 44. Kg2 Ke7 45. Kf3 Nd7 46. Ra3 Nb6 47. Ra7+
Kf6 48. h4 g6 49. Ke2 Nc8 50. Rd7 Nb6 51. Ra7 g5 52. hxg5+ Kg6 53. Kd3 Rh8 54.
Ra6 Rb8 55. Ra7 Rh8 56. Kc3 Rh3 57. Ra6 Rxg3+ 58. Kb4 Nc8 59. Bd7 Ne7 60. b6 Rg1
61. Ra3 1-0

[Event "World Rapid 2019"]
[Site "Moscow RUS"]
[Date "2019.12.26"]
[Round "5.19"]
[White "Bartel, Mateusz"]
[Black "Rakhmanov, Aleksandr"]
[Result "1/2-1/2"]
[WhiteTitle "GM"]
[BlackTitle "GM"]
[WhiteElo "2634"]
[BlackElo "2645"]
[WhiteFideId "1112635"]
[BlackFideId "4173708"]
[EventDate "2019.12.26"]
[EventType "rapid"]

1. e4 e5 2. Nf3 Nf6 3. Nxe5 d6 4. Nc4 Nxe4 5. Qe2 Qe7 6. Ne3 c6 7. b3 Qe5 8. c3
d5 9. d4 Qe6 10. f3 Nd6 1/2-1/2

[Event "World Rapid 2019"]
[Site "Moscow RUS"]
[Date "2019.12.26"]
[Round "5.20"]
[White "Vokhidov, Shamsiddin"]
[Black "Mamedov, Rauf"]
[Result "1/2-1/2"]
[WhiteTitle "IM"]
[BlackTitle "GM"]
[WhiteElo "2526"]
[BlackElo "2659"]
[WhiteFideId "14204223"]
[BlackFideId "13401653"]
[EventDate "2019.12.26"]
[EventType "rapid"]

1. e4 c5 2. Nf3 Nc6 3. Bb5 g6 4. O-O Bg7 5. Bxc6 dxc6 6. d3 Nf6 7. a4 a5 8. Nbd2
b6 9. Re1 O-O 10. e5 Nd5 11. h3 h6 12. Ne4 Be6 13. b3 Qc7 14. Bb2 Rad8 15. Qd2
Qc8 16. Rad1 g5 17. Nh2 Bf5 18. Ng3 Bg6 19. Nhf1 Qe6 20. Ne3 Nf4 21. Ne2 Nd5 22.
Ng3 Rd7 23. Ng4 Nf4 24. Ne2 Nd5 25. Ng3 Nf4 26. Ne2 Nd5 27. Ng3 1/2-1/2

[Event "World Rapid 2019"]
[Site "Moscow RUS"]
[Date "2019.12.26"]
[Round "5.22"]
[White "Sasikiran, Krishnan"]
[Black "Artemiev, Vladislav"]
[Result "1/2-1/2"]
[WhiteTitle "GM"]
[BlackTitle "GM"]
[WhiteElo "2656"]
[BlackElo "2731"]
[WhiteFideId "5004985"]
[BlackFideId "24101605"]
[EventDate "2019.12.26"]
[EventType "rapid"]

1. e4 c6 2. d4 d5 3. e5 Bf5 4. Nd2 e6 5. Nb3 Nd7 6. Nf3 Bg6 7. Be2 Nh6 8. O-O
Nf5 9. c3 Rc8 10. a4 Be7 11. Ne1 c5 12. Nxc5 Bxc5 13. dxc5 Nxc5 14. Bb5+ Nd7 15.
Nf3 Bh5 16. Re1 O-O 17. h3 a6 18. Be2 Bg6 19. Bg5 Qb6 20. Rb1 Nc5 21. a5 Qa7 22.
Bf1 Ne4 23. Be3 Nxe3 24. Rxe3 b5 25. Bd3 Qc7 26. Ra1 Rfd8 27. Qe1 Nc5 28. Bxg6
hxg6 29. Nd4 Qe7 30. Rd1 Qh4 31. Rg3 Qe4 32. Re3 Qh4 33. Rg3 Qe4 34. Re3 Qh4 35.
Kh2 Ne4 36. g3 Qh6 37. Kg2 g5 38. Qe2 Qg6 39. f3 Nc5 40. Rh1 Kf8 41. h4 gxh4 42.
Rxh4 Ke7 43. Rg4 Qb1 44. Qd2 Rh8 45. Re1 Qd3 46. Qg5+ Kd7 47. Rf4 Rcf8 48. Qxg7
Qd2+ 49. Re2 Qxf4 50. gxf4 Rfg8 51. Qg4 Nd3 52. Kg3 Rxg4+ 53. fxg4 Rh1 54. Rd2
Nc5 55. Rh2 Rxh2 56. Kxh2 Nd3 57. Nb3 Nxf4 58. Nc5+ Kc8 59. Kg3 Ng6 60. Nxa6
Nxe5 61. Nc5 Kc7 62. Kf4 Nc6 63. b4 1/2-1/2

[Event "World Rapid 2019"]
[Site "Moscow RUS"]
[Date "2019.12.26"]
[Round "5.24"]
[White "Alekseev, Evgeny"]
[Black "Karjakin, Sergey"]
[Result "1/2-1/2"]
[WhiteTitle "GM"]
[BlackTitle "GM"]
[WhiteElo "2620"]
[BlackElo "2754"]
[WhiteFideId "4138147"]
[BlackFideId "14109603"]
[EventDate "2019.12.26"]
[EventType "rapid"]

1. e4 e5 2. Nf3 Nc6 3. Bc4 Bc5 4. O-O Nf6 5. d3 d6 6. c3 a6 7. Bb3 O-O 8. h3 h6
9. Re1 Re8 10. Nbd2 Be6 11. Nf1 Bxb3 1/2-1/2

[Event "World Rapid 2019"]
[Site "Moscow RUS"]
[Date "2019.12.26"]
[Round "5.25"]
[White "Andreikin, Dmitry"]
[Black "Bosiocic, Marin"]
[Result "1-0"]
[WhiteTitle "GM"]
[BlackTitle "GM"]
[WhiteElo "2724"]
[BlackElo "2623"]
[WhiteFideId "4158814"]
[BlackFideId "14507927"]
[EventDate "2019.12.26"]
[EventType "rapid"]

1. d4 Nf6 2. c4 e6 3. Nf3 d5 4. e3 b6 5. Nc3 Bd6 6. Bd3 Bb7 7. O-O O-O 8. Qe2
Ne4 9. Qc2 f5 10. cxd5 exd5 11. Nb5 c5 12. Nxd6 Qxd6 13. b3 Nd7 14. Bb2 Kh8 15.
Rac1 Qg6 16. Bb5 Bc6 17. Nh4 Qh6 18. Bxc6 Qxc6 19. dxc5 bxc5 20. f3 Nd6 21. Rfd1
Rae8 22. Qd3 Nb6 23. Qc3 Rf7 24. Qxc5 Qxc5 25. Rxc5 Rxe3 26. Rc6 Ne8 27. Bd4 Re2
28. Kf1 Ree7 29. Bc5 Rc7 30. Re1 Nf6 31. Rxc7 Rxc7 32. Bd4 f4 33. Nf5 Nbd7 34.
h4 h6 35. Re7 Rc1+ 36. Kf2 Rc2+ 37. Re2 Rc7 38. Ke1 Kh7 39. Re7 Kg6 40. Nxg7
Rc1+ 41. Kd2 Rh1 42. h5+ Kg5 43. Ne6+ Kf5 44. Bf2 Ra1 45. Nd4+ Kg5 46. Rg7+ Kxh5
47. Ne6 Rxa2+ 48. Kc1 1-0